书目信息 |
| 题名: |
南太平洋的万岛世界
|
|
| 作者: | 叶进 著 | |
| 分册: | ||
| 出版信息: | 北京 海洋出版社 1979.08 |
|
| 页数: | 151页 | |
| 开本: | 19cm | |
| 丛书名: | 海洋知识丛书 | |
| 单 册: | ||
| 中图分类: | P721 | |
| 科图分类: | ||
| 主题词: | 海洋学--区域 | |
| 电子资源: | ||
| ISBN: | ||
| 000 | 00590nam0 2200217 45 | |
| 001 | 0405250857 | |
| 005 | 20060820105715.81 | |
| 010 | @dCNY0.38 | |
| 091 | @a12193.001 | |
| 100 | @a20040525d1979 km y0chiy0120 ea | |
| 101 | 0 | @achi |
| 200 | 1 | @a南太平洋的万岛世界@ANan Tai Ping Yang De Wan Dao Shi Jie@f叶进著@FYe Jin Zhu |
| 210 | @a北京@c海洋出版社@d1979.08 | |
| 215 | @a151页@c插图@d19cm | |
| 225 | @a海洋知识丛书 | |
| 410 | @12001 @a海洋知识丛书 | |
| 606 | 0 | @a海洋学@x区域 |
| 690 | @aP721@v3 | |
| 701 | 0 | @a叶进@4著 |
| 801 | @aCN@bPftUser@c20060820 | |
| 905 | @f3@b18826-828@dP721@e2 | |
| 南太平洋的万岛世界/叶进著.-北京:海洋出版社,1979.08 |
| 151页:插图;19cm.-(海洋知识丛书) |
| ISBN :CNY0.38 |
| ● |
| 相关链接 |
|
|
|
|
正题名:南太平洋的万岛世界
索取号:P721/2
 
预约/预借
| 序号 | 登录号 | 条形码 | 馆藏地/架位号 | 状态 | 备注 |
| 1 | 0018825 | 202122381 | 第二样本阅览室/ [索取号:P721/2] | 在馆 | |
| 2 | 0018826 | 000624961 | 第三借阅区/ [索取号:P721/2] | 在馆 | |
| 3 | 0018827 | 000624952 | 密集书库/ [索取号:P721/2] | 在馆 | |
| 4 | 0018828 | 000624890 | 密集书库/ [索取号:P721/2] | 在馆 | |
| 5 | 0470333 | 204703339 | 密集书库/ [索取号:P721/2] | 在馆 |